[Event "Olympiad-43"]
[Site "Batumi"]
[Date "2018.10.02"]
[Round "8.3"]
[White "Jessel, Stephen"]
[Black "Nurmamedov, Azat"]
[Result "1/2-1/2"]
[WhiteElo "2317"]
[BlackElo "2349"]
[PlyCount "71"]
[EventDate "2018.09.24"]
[EventType "team-swiss"]
[EventRounds "11"]
[EventCountry "GEO"]
[SourceTitle "CBM 187"]
[Source "ChessBase"]
[SourceDate "2018.12.11"]
[SourceVersion "1"]
[SourceVersionDate "2018.12.11"]
[SourceQuality "1"]
[WhiteTeam "Ireland"]
[BlackTeam "Turkmenistan"]
[WhiteTeamCountry "IRL"]
[BlackTeamCountry "TKM"]

1. Nf3 d5 2. c4 d4 3. b4 Bg4 4. d3 Bxf3 5. exf3 e5 6. a3 a5 7. b5 Bd6 8. g3 Nd7 9. Bg2 Ne7 10. 0-0 0-0 11. f4 exf4 12. Bxb7 Rb8 13. Bg2 Nc5 14. Bb2 Be5 15. Qe2 Ng6 16. Nd2 Re8 17. Rae1 Re7 18. Ne4 Ne6 19. Qh5 a4 20. Bh3 Nef8 21. Bc1 c6 22. bxc6 Qc7 23. Bd2 Qxc6 24. Bb4 Ra7 25. Bg2 Qc7 26. Ng5 Bd6 27. Nxf7 Bxb4 28. axb4 Nd7 29. Bd5 Nf6 30. Ng5+ Kh8 31. Qh3 Nf8 32. Nf7+ Kg8 33. Nh6+ Kh8 34. Nf7+ Kg8 35. Nh6+ Kh8 36. Nf7+ 1/2-1/2

[Event "Olympiad-43"]
[Site "Batumi"]
[Date "2018.09.30"]
[Round "6.31"]
[White "Dominguez Aguilar, Guillermo"]
[Black "Nurmamedov, Azat"]
[Result "0-1"]
[WhiteElo "2324"]
[BlackElo "2349"]
[PlyCount "62"]
[EventDate "2018.09.24"]
[EventType "team-swiss"]
[EventRounds "11"]
[EventCountry "GEO"]
[SourceTitle "CBM 187"]
[Source "ChessBase"]
[SourceDate "2018.12.11"]
[SourceVersion "1"]
[SourceVersionDate "2018.12.11"]
[SourceQuality "1"]
[WhiteTeam "Mexico"]
[BlackTeam "Turkmenistan"]
[WhiteTeamCountry "MEX"]
[BlackTeamCountry "TKM"]

1. e4 c5 2. Nf3 Nc6 3. d4 cxd4 4. Nxd4 Qb6 5. Nb3 Nf6 6. Bd3 e6 7. 0-0 Be7 8. c4 Ne5 9. Nc3 d6 10. Be2 0-0 11. Be3 Qc7 12. Rc1 b6 13. f4 Ng6 14. Nd4 Bb7 15. Bd3 Qd7 16. Qf3 Rfe8 17. Rcd1 Rad8 18. Qh3 e5 19. Nf5 Bf8 20. fxe5 dxe5 21. c5 Qc8 22. cxb6 Nf4 23. Qg3 Kh8 24. Bb5 Rxd1 25. Rxd1 Rd8 26. Rc1 axb6 27. Bxb6 Nxe4 28. Qg4 Rd2 29. g3 Rg2+ 30. Kf1 Nd2+ 31. Ke1 Nf3+ 0-1

[Event "Olympiad-43"]
[Site "Batumi"]
[Date "2018.09.25"]
[Round "2.3"]
[White "Nurmamedov, Azat"]
[Black "Laurusas, Tomas"]
[Result "1/2-1/2"]
[WhiteElo "2349"]
[BlackElo "2484"]
[PlyCount "72"]
[EventDate "2018.09.24"]
[EventType "team-swiss"]
[EventRounds "11"]
[EventCountry "GEO"]
[SourceTitle "CBM 187"]
[Source "ChessBase"]
[SourceDate "2018.12.11"]
[SourceVersion "1"]
[SourceVersionDate "2018.12.11"]
[SourceQuality "1"]
[WhiteTeam "Turkmenistan"]
[BlackTeam "Lithuania"]
[WhiteTeamCountry "TKM"]
[BlackTeamCountry "LTU"]

1. Nf3 d5 2. d4 Nf6 3. g3 Bf5 4. Bg2 e6 5. 0-0 Nbd7 6. c4 c6 7. b3 Be7 8. Bb2 0-0 9. Nc3 Ne4 10. Nxe4 Bxe4 11. Nd2 Bxg2 12. Kxg2 Nf6 13. e3 a5 14. Qc2 a4 15. c5 Nd7 16. Bc3 b5 17. cxb6 Nxb6 18. b4 a3 19. Rab1 Qc8 20. Qd3 Qa6 21. Qxa6 Rxa6 22. Rfc1 Rb8 23. b5 cxb5 24. Rxb5 Rc8 25. Nb3 Nc4 26. Bb4 Kf8 27. Bxe7+ Kxe7 28. Rb7+ Ke8 29. Nc5 Nd6 30. Rcb1 Rxc5 31. dxc5 Nxb7 32. Rxb7 Ra5 33. c6 Rc5 34. c7 Rc2 35. Ra7 Kd7 36. Rxa3 Rxc7 1/2-1/2

[Event "Moscow ACF Botvinnik Memorial"]
[Site "Moscow"]
[Date "2017.11.07"]
[Round "9"]
[White "Barseghyan, Armen Ar"]
[Black "Nurmamedov, Azat"]
[Result "1/2-1/2"]
[WhiteElo "2210"]
[BlackElo "2189"]
[PlyCount "167"]
[EventDate "2017.11.02"]
[EventType "tourn"]
[EventRounds "11"]
[EventCountry "RUS"]
[SourceTitle "CBM 181 Extra"]
[Source "ChessBase"]
[SourceDate "2017.12.12"]
[SourceVersion "1"]
[SourceVersionDate "2017.12.12"]
[SourceQuality "1"]

1. d4 Nf6 2. Nf3 g6 3. c4 Bg7 4. Nc3 0-0 5. e4 d6 6. h3 e5 7. d5 a5 8. g4 Na6 9. Be3 Nc5 10. Nd2 c6 11. Be2 Bd7 12. g5 Ne8 13. h4 cxd5 14. cxd5 a4 15. a3 Qa5 16. f3 b5 17. Kf2 f5 18. Kg2 f4 19. Bf2 Nc7 20. Qc2 N7a6 21. b4 axb3 22. Nxb3 Nxb3 23. Qxb3 Rfc8 24. Nxb5 Rab8 25. a4 Nc5 26. Qd1 Bf8 27. Qe1 Ra8 28. Qxa5 Rxa5 29. Rhb1 Rxa4 30. Rxa4 Nxa4 31. Na7 Rc2 32. Bd1 Rd2 33. Bxa4 Bxa4 34. Rb8 Bd1 35. Nc6 Rd3 36. Nd8 Bxf3+ 37. Kf1 Rd1+ 38. Be1 Bxe4 39. Ne6 Kf7 40. Rxf8+ Ke7 41. Rf6 Bxd5 42. Nxf4 exf4 43. Rxf4 Ke6 44. Ke2 Rc1 45. Bg3 Ke7 46. Rd4 Rc5 47. Kd2 Rb5 48. Ra4 Rb2+ 49. Ke1 Rb7 50. Ra6 Rd7 51. Ra4 Be6 52. Ra6 Bf5 53. Kd2 d5 54. Rc6 Rd8 55. Be5 Ra8 56. Rb6 Ra4 57. Bf6+ Kd7 58. Rb7+ Kc6 59. Rxh7 d4 60. h5 Ra2+ 61. Ke1 d3 62. Bc3 gxh5 63. Rxh5 Re2+ 64. Kd1 Bg4 65. Rh6+ Kd5 66. Bd2 Rg2+ 67. Kc1 Kc4 68. Rc6+ Kd5 69. Rf6 Bh5 70. Rh6 Be8 71. Rh8 Bg6 72. Rg8 Bf5 73. Rf8 Be4 74. Re8 Rh2 75. Re7 Rh8 76. Rd7+ Ke6 77. Rd4 Kf5 78. Rd7 Rc8+ 79. Kd1 Rb8 80. Kc1 Rc8+ 81. Kd1 Ra8 82. Kc1 Ra2 83. Rd8 Rc2+ 84. Kd1 1/2-1/2

[Event "Moscow ACF Botvinnik Memorial"]
[Site "Moscow"]
[Date "2017.11.06"]
[Round "8"]
[White "Nurmamedov, Azat"]
[Black "Kacharava, Nikoloz"]
[Result "1-0"]
[WhiteElo "2189"]
[BlackElo "2332"]
[PlyCount "115"]
[EventDate "2017.11.02"]
[EventType "tourn"]
[EventRounds "11"]
[EventCountry "RUS"]
[SourceTitle "CBM 181 Extra"]
[Source "ChessBase"]
[SourceDate "2017.12.12"]
[SourceVersion "1"]
[SourceVersionDate "2017.12.12"]
[SourceQuality "1"]

1. e4 d6 2. d4 Nf6 3. Nc3 e5 4. Nf3 Nbd7 5. Bc4 Be7 6. 0-0 0-0 7. a4 a5 8. Re1 Nb6 9. Bf1 exd4 10. Nxd4 d5 11. e5 Ne8 12. Bd3 g6 13. Bh6 Ng7 14. Ncb5 f6 15. Bf4 c6 16. exf6 Bc5 17. Be5 Ne8 18. Nb3 Nd7 19. Nxc5 Nxc5 20. Nd4 Nxf6 21. f3 Nfd7 22. Bd6 Qf6 23. Bxc5 Nxc5 24. c3 Ne6 25. Nb3 b6 26. Qd2 Bd7 27. Bf1 Rae8 28. Re3 Nc7 29. Rxe8 Rxe8 30. c4 Be6 31. c5 Rb8 32. Re1 bxc5 33. Nxc5 Rb4 34. Nd3 Rxa4 35. Ne5 c5 36. Qc2 Qh4 37. Rd1 Qf4 38. Nc6 Qe3+ 39. Kh1 Rh4 40. g3 Bf5 41. Qg2 Bh3 42. Qd2 Qxf3+ 43. Kg1 Rh5 44. Bxh3 Rxh3 45. Rf1 Qe4 46. Qf2 Qe8 47. Qf6 h6 48. Ne7+ Kh7 49. Qf7+ Qxf7 50. Rxf7+ Kh8 51. Nxg6+ Kg8 52. Rxc7 Rh5 53. Rxc5 Kf7 54. Nf4 Re5 55. Rxd5 Re1+ 56. Kg2 Ra1 57. Kf3 a4 58. Ra5 1-0

[Event "World School-ch U13"]
[Site "Sochi"]
[Date "2016.12.11"]
[Round "9"]
[White "Nurmamedov, Azat"]
[Black "Yeritsyan, Aram"]
[Result "0-1"]
[WhiteElo "2071"]
[BlackElo "2143"]
[PlyCount "92"]
[EventDate "2016.12.03"]
[EventType "swiss"]
[EventRounds "9"]
[EventCountry "RUS"]
[SourceTitle "EXT 2018"]
[Source "ChessBase"]
[SourceDate "2017.10.13"]
[SourceVersion "1"]
[SourceVersionDate "2017.10.13"]
[SourceQuality "1"]

1. e4 c5 2. Nf3 e6 3. d4 cxd4 4. Nxd4 Nc6 5. Nc3 d6 6. Be2 Nf6 7. 0-0 Be7 8. Be3 0-0 9. Kh1 a6 10. f4 e5 11. Nxc6 bxc6 12. fxe5 dxe5 13. Qe1 Qc7 14. Qg3 Kh8 15. Bc4 a5 16. Bg5 Ba6 17. Bxa6 Rxa6 18. Bxf6 Bxf6 19. Ne2 Be7 20. Qc3 Raa8 21. Rad1 f6 22. Ng3 g6 23. a3 Rad8 24. Ne2 Qb6 25. Nc1 a4 26. Ne2 Qb5 27. Ng1 Rd4 28. Rfe1 Rfd8 29. Rxd4 exd4 30. Qf3 Qxb2 31. e5 Qc3 32. exf6 Qxe1 33. fxe7 Qxe7 34. Qxc6 Qd7 35. Qf6+ Kg8 36. Nf3 Qd6 37. Qh4 Rb8 38. Kg1 Qxa3 39. Qxd4 Qc1+ 40. Kf2 Qxc2+ 41. Kg3 Qc7+ 42. Kh3 a3 43. Ng5 Rd8 44. Qb4 Qd7+ 45. g4 h5 46. Qb3+ Qd5 0-1

[Event "World School-ch U13"]
[Site "Sochi"]
[Date "2016.12.08"]
[Round "6"]
[White "Nurmamedov, Azat"]
[Black "Abramov, Ilya1111"]
[Result "1-0"]
[WhiteElo "2071"]
[BlackElo "1859"]
[PlyCount "51"]
[EventDate "2016.12.03"]
[EventType "swiss"]
[EventRounds "9"]
[EventCountry "RUS"]
[SourceTitle "EXT 2018"]
[Source "ChessBase"]
[SourceDate "2017.10.13"]
[SourceVersion "1"]
[SourceVersionDate "2017.10.13"]
[SourceQuality "1"]

1. e4 Nf6 2. e5 Nd5 3. d4 d6 4. c4 Nb6 5. f4 dxe5 6. fxe5 Nc6 7. Be3 Bf5 8. Nc3 e6 9. Nf3 Be7 10. d5 exd5 11. cxd5 Nb4 12. Nd4 Qd7 13. a3 N4xd5 14. Nxd5 Nxd5 15. Nxf5 0-0-0 16. Qxd5 Qxf5 17. Qb3 Qxe5 18. Be2 Rhe8 19. Bf3 c6 20. Kf1 Bh4 21. g3 Qf5 22. Kg2 Rxe3 23. Qxe3 Bg5 24. Qe4 Rd2+ 25. Kf1 Qc5 26. Be2 1-0